[Event "C.to Provinciale PR"]
[Site "Salsomaggiore Terme ITA"]
[Date "2015.03.20"]
[Round "1"]
[White "Bettini, Sofia"]
[Black "Brogneri, Giovanni"]
[WhiteElo "1407"]
[BlackElo "1801"]
[Result "0-1"]
[PlyCount "66"]
[EventDate "2015.03.20"]

1. d4 e6 2. Nf3 d5 3. g3 Nf6 4. Bg2 c5 5. b3 cxd4 6. Nxd4 Nc6 7. Nxc6 bxc6 8.
O-O Ba6 9. Bb2 Be7 10. Nd2 Rc8 11. Rc1 Qa5 12. a3 c5 13. Re1 c4 14. b4 Qc7 15.
c3 O-O 16. e4 dxe4 17. Nxe4 Rfd8 18. Qe2 Bb7 19. Nxf6+ Bxf6 20. Bxb7 Qxb7 21.
Rcd1 Qc7 22. Qc2 g6 23. Bc1 Rxd1 24. Rxd1 Rd8 25. Be3 Rxd1+ 26. Qxd1 Bxc3 27.
Qa4 h5 28. Qxa7 Qxa7 29. Bxa7 Kf8 30. Kf1 Ke7 31. b5 Kd6 32. Be3 e5 33. a4 f5
0-1

[Event "C.to Provinciale PR"]
[Site "Salsomaggiore Terme ITA"]
[Date "2015.03.20"]
[Round "1"]
[White "Carletti, Angelo"]
[Black "Ferrari, Cristiano"]
[WhiteElo "1908"]
[BlackElo "1592"]
[Result "1-0"]
[PlyCount "95"]
[EventDate "2015.03.20"]

1. d4 Nf6 2. c4 g6 3. Nc3 Bg7 4. e4 d6 5. Be2 Nbd7 6. Bg5 O-O 7. Qd2 e5 8. d5
a6 9. h4 Qe8 10. Bh6 Nc5 11. f3 Nh5 12. Bxg7 Kxg7 13. g4 Ng3 14. Rh3 Nxe2 15.
Ngxe2 b5 16. cxb5 axb5 17. h5 Rh8 18. h6+ Kf8 19. Qe3 b4 20. Nd1 Qb5 21. Nf2 b3
22. Nc3 Qc4 23. Qe2 Ba6 24. Qxc4 Bxc4 25. a3 Na4 26. Nxa4 Rxa4 27. Kd2 Ke7 28.
Rc1 Rha8 29. Rhh1 Kd7 30. Rc3 R8a5 31. Rhc1 Rc5 32. g5 c6 33. dxc6+ Rxc6 34.
Ng4 Kc7 35. Nf6 Kb7 36. Nxh7 d5 37. exd5 Bxd5 38. Rxc6 Rd4+ 39. Ke3 Bxc6 40.
Nf6 Rh4 41. Rc3 Ba4 42. h7 Rh3 43. Kf2 Rh4 44. Kg3 Rh1 45. Kg2 Rh4 46. Rc1 Bc6
47. Kg3 Rf4 48. Rxc6 1-0

[Event "C.to Provinciale PR"]
[Site "Salsomaggiore Terme ITA"]
[Date "2015.03.20"]
[Round "1"]
[White "Fischetti, Luciano"]
[Black "Ollari, Luca"]
[WhiteElo "1523"]
[BlackElo "1820"]
[Result "0-1"]
[PlyCount "114"]
[EventDate "2015.03.20"]

1. g3 Nf6 2. Bg2 g6 3. d4 Bg7 4. Nf3 O-O 5. O-O d6 6. Nc3 Nc6 7. e4 Rb8 8. Re1
Bg4 9. Be3 Nd7 10. Qd2 a6 11. h4 b5 12. Nh2 Nf6 13. e5 b4 14. exf6 bxc3 15.
bxc3 exf6 16. Nxg4 Na5 17. Bf1 Qc8 18. f3 Qf5 19. Nh2 Rb2 20. Bd3 Qd5 21. Qe2
Re8 22. c4 Qe6 23. f4 f5 24. Nf3 Qd7 25. a4 Nc6 26. Qd2 Nb4 27. Rab1 Rxb1 28.
Rxb1 a5 29. c3 Nxd3 30. Qxd3 Qxa4 31. Nd2 Qc6 32. d5 Qa6 33. Bd4 Bf8 34. Kf2 a4
35. Ra1 c6 36. Qc2 a3 37. Qb3 Ra8 38. Qb6 Qxb6 39. Bxb6 c5 40. Nb3 Rb8 41. Bxc5
Rxb3 42. Bd4 Rb2+ 43. Ke3 a2 44. Kf3 h5 45. Bf2 Rc2 46. Bd4 Be7 47. Ke3 Kf8 48.
Kd3 Rb2 49. Be3 Ke8 50. c5 dxc5 51. c4 Kd7 52. Bd2 Bf6 53. Bc3 Rb3 54. Rxa2
Rxc3+ 55. Kd2 Rxc4 56. Ra7+ Ke8 57. d6 Rd4+ 0-1

[Event "C.to Provinciale PR"]
[Site "Salsomaggiore Terme ITA"]
[Date "2015.03.20"]
[Round "1"]
[White "Fongarolli, Diego"]
[Black "Ferrarini, Maurizio"]
[WhiteElo "2080"]
[BlackElo "1709"]
[Result "1-0"]
[PlyCount "95"]
[EventDate "2015.03.20"]

1. e4 e5 2. Nf3 Nc6 3. Bb5 Nf6 4. O-O Be7 5. Re1 d6 6. d4 a6 7. Bxc6+ bxc6 8.
dxe5 dxe5 9. Qxd8+ Bxd8 10. Nxe5 Bb7 11. Nc3 h6 12. Be3 Be7 13. a3 O-O 14. Rad1
Rad8 15. f3 Rxd1 16. Rxd1 Rd8 17. Rxd8+ Bxd8 18. Bc5 Ne8 19. Nc4 f6 20. Ne2 Kf7
21. Nd4 Be7 22. Bxe7 Kxe7 23. Na5 Ba8 24. Naxc6+ Kd7 25. Na5 Nd6 26. Kf2 g6 27.
Ke3 Nb5 28. c4 Nxd4 29. Kxd4 c6 30. Kc5 Kc7 31. h4 g5 32. hxg5 hxg5 33. g3 g4
34. fxg4 Kd7 35. b4 Kc7 36. Nb3 Bb7 37. Nd4 Bc8 38. g5 fxg5 39. Nxc6 Bg4 40. e5
Be2 41. b5 axb5 42. cxb5 Bd1 43. e6 Bc2 44. e7 Bg6 45. a4 Bh5 46. a5 Be8 47. a6
g4 48. a7 1-0

[Event "C.to Provinciale PR"]
[Site "Salsomaggiore Terme ITA"]
[Date "2015.03.20"]
[Round "1"]
[White "Mantovani, Enrico"]
[Black "Panizzi, Giuseppe"]
[WhiteElo "1820"]
[BlackElo "2080"]
[Result "0-1"]
[PlyCount "128"]
[EventDate "2015.03.20"]

1. Nf3 Nf6 2. c4 c5 3. Nc3 Nc6 4. d4 cxd4 5. Nxd4 g6 6. e3 Bg7 7. Be2 O-O 8.
O-O d6 9. a3 a5 10. Qc2 Bd7 11. Rd1 Qb6 12. b3 Rfc8 13. Bb2 Ne5 14. Qd2 a4 15.
f4 Neg4 16. h3 Nh6 17. b4 Nf5 18. Kh2 h5 19. Rac1 Be8 20. Qd3 Nxd4 21. exd4 e6
22. c5 Qc7 23. Nb5 Bxb5 24. Qxb5 d5 25. Rf1 Bh6 26. Kg1 Ne4 27. Rc2 Bxf4 28.
Bc1 Bxc1 29. Rcxc1 Qe7 30. Qd3 Qg5 31. Rfd1 Rc7 32. Bf3 f5 33. b5 Kg7 34. Rc2
Qe7 35. Rdc1 Rac8 36. Bd1 e5 37. c6 bxc6 38. Rxc6 Nf6 39. dxe5 Qxe5 40. Bxa4
Rxc6 41. bxc6 Rc7 42. Rb1 Qe4 43. Qxe4 dxe4 44. Rb7 Ne8 45. Bb3 Kf6 46. Rxc7
Nxc7 47. a4 g5 48. Bc4 Ke5 49. Kf2 h4 50. Ke2 f4 51. Kd2 Kd6 52. Bb5 Kc5 53.
Ke2 Ne6 54. Kd2 e3+ 55. Ke2 Nd4+ 56. Ke1 Nxc6 57. Kf1 Nd4 58. Bd7 Kb4 59. Ke1
Nb3 60. Bg4 Kxa4 61. Bd1 Kb4 62. Ke2 Kc3 63. Kf3 Nd4+ 64. Kg4 Kd2 0-1

[Event "C.to Provinciale PR"]
[Site "Salsomaggiore Terme ITA"]
[Date "2015.03.20"]
[Round "1"]
[White "Maran, Walter"]
[Black "Modena, Giorgio"]
[WhiteElo "1687"]
[BlackElo "1916"]
[Result "0-1"]
[PlyCount "72"]
[EventDate "2015.03.20"]

1. e4 e6 2. d4 d5 3. Nd2 Nf6 4. e5 Nfd7 5. Bd3 c5 6. c3 Nc6 7. Ne2 Be7 8. O-O
f5 9. exf6 Bxf6 10. Nf3 O-O 11. Be3 c4 12. Bc2 e5 13. dxe5 Ndxe5 14. Nxe5 Bxe5
15. f4 Bc7 16. Nd4 Qf6 17. Nxc6 bxc6 18. Bd4 Bb6 19. Bxb6 axb6 20. a3 Bf5 21.
Bxf5 Qxf5 22. g4 Qe4 23. Qf3 Rae8 24. Rad1 Qxf3 25. Rxf3 Re4 26. Rdf1 c5 27. h3
d4 28. cxd4 cxd4 29. f5 d3 30. Rd1 Rfe8 31. Rd2 b5 32. Kg2 Kf7 33. g5 R8e5 34.
Kg3 Re2 35. Rf2 Rxd2 36. Rxd2 Rxf5 0-1

[Event "C.to Provinciale PR"]
[Site "Salsomaggiore Terme ITA"]
[Date "2015.03.20"]
[Round "1"]
[White "Megli, Massimo"]
[Black "Mantovani, Celso"]
[WhiteElo "1757"]
[BlackElo "1035"]
[Result "1-0"]
[PlyCount "65"]
[EventDate "2015.03.20"]

1. e4 d6 2. d4 e6 3. Nf3 Nf6 4. Nc3 h6 5. Be2 Be7 6. O-O O-O 7. h3 c6 8. e5 Ne8
9. a4 Qc7 10. Bf4 f5 11. exf6 Bxf6 12. Bg3 a5 13. Re1 Nd7 14. Bc4 Nb6 15. Bxe6+
Bxe6 16. Rxe6 Qf7 17. Re1 Rd8 18. Ne4 Be7 19. Ra3 Nc4 20. Rb3 Rd7 21. Qe2 d5
22. Ned2 Nxd2 23. Qxd2 Nd6 24. Ne5 Qf5 25. Rf3 Qh7 26. Rxf8+ Kxf8 27. Nxd7+ Ke8
28. Bxd6 Kxd7 29. Bxe7 g5 30. Qe2 Qg7 31. Qe6+ Ke8 32. Bf6+ Kf8 33. Qe8# 1-0

[Event "C.to Provinciale PR"]
[Site "Salsomaggiore Terme ITA"]
[Date "2015.03.20"]
[Round "1"]
[White "Mingione, Luigi"]
[Black "Pelagatti, Alessandro"]
[WhiteElo "1724"]
[BlackElo "2181"]
[Result "0-1"]
[PlyCount "54"]
[EventDate "2015.03.20"]

1. e4 g6 2. f4 Bg7 3. Nf3 c5 4. d4 cxd4 5. Nxd4 Qb6 6. c3 Nc6 7. Nf3 d6 8. Bc4
Nf6 9. Qc2 O-O 10. Na3 e6 11. Bd3 d5 12. e5 Nd7 13. Qe2 Nc5 14. Bc2 Qd8 15. Be3
b6 16. O-O-O Ba6 17. Qf2 Qe7 18. h4 Ne4 19. Bxe4 dxe4 20. Nd2 Bd3 21. h5 Rac8
22. hxg6 hxg6 23. Qh4 Qxh4 24. Rxh4 Nb4 25. Rdh1 Nxa2+ 26. Kd1 Nxc3+ 27. bxc3
Rxc3 0-1

[Event "C.to Provinciale PR"]
[Site "Salsomaggiore Terme ITA"]
[Date "2015.03.20"]
[Round "1"]
[White "Pagani, Fausto"]
[Black "Orlando, Luigi"]
[WhiteElo "1586"]
[BlackElo "1873"]
[Result "0-1"]
[PlyCount "50"]
[EventDate "2015.03.20"]

1. d4 Nf6 2. c4 g6 3. Nc3 Bg7 4. e4 d6 5. f3 O-O 6. Be3 e5 7. d5 c6 8. Nge2
cxd5 9. cxd5 Nbd7 10. Qd2 Nc5 11. Bh6 Bxh6 12. Qxh6 Nd3+ 13. Kd2 Nxb2 14. g4
Qa5 15. Kc2 Na4 16. h4 Nxc3 17. Nxc3 Bd7 18. Kd2 Rac8 19. Rc1 b5 20. a3 Qxa3
21. Bxb5 Bxb5 22. Nxb5 Qb2+ 23. Kd3 Qxb5+ 24. Ke3 Qb2 25. Rxc8 Rxc8 0-1

[Event "C.to Provinciale PR"]
[Site "Salsomaggiore Terme ITA"]
[Date "2015.03.20"]
[Round "1"]
[White "Paoli, Walter"]
[Black "Ghirardi, Gianfranco"]
[WhiteElo "2039"]
[BlackElo "1694"]
[Result "1-0"]
[PlyCount "111"]
[EventDate "2015.03.20"]

1. d4 d5 2. g3 Nf6 3. Bg2 Bf5 4. Nf3 e6 5. Nbd2 Nbd7 6. c4 Be7 7. O-O O-O 8. b3
Kh8 9. Bb2 c6 10. Qc1 Rc8 11. Re1 Ne4 12. Ba3 Nxd2 13. Nxd2 Bxa3 14. Qxa3 a5
15. Rac1 Nf6 16. cxd5 exd5 17. Rc3 Re8 18. e3 Qb6 19. Rc5 Ra8 20. Rec1 Qb4 21.
Qb2 Qb6 22. a3 h6 23. h3 Nd7 24. R5c3 Nf6 25. Ra1 Re7 26. Rcc1 Rae8 27. b4 a4
28. Rc5 Bd3 29. Bf1 Bxf1 30. Rxf1 Qa6 31. Nf3 Ne4 32. Ra5 Qd3 33. Ne5 Qd2 34.
Qxd2 Nxd2 35. Rd1 Ne4 36. Rc1 Kh7 37. Rxa4 f6 38. Nf3 g5 39. Ra7 Nd6 40. a4 Nc4
41. Rb1 h5 42. b5 g4 43. hxg4 hxg4 44. Nh4 Nd2 45. Rd1 Nf3+ 46. Nxf3 gxf3 47.
bxc6 Kg6 48. Rxb7 Rh7 49. Rxh7 Kxh7 50. c7 Rc8 51. Rc1 Kg7 52. a5 Kf7 53. a6
Ke7 54. a7 Kd7 55. g4 Ra8 56. c8=Q+ 1-0

[Event "C.to Provinciale PR"]
[Site "Salsomaggiore Terme ITA"]
[Date "2015.03.20"]
[Round "1"]
[White "Sacchetti, Andrea"]
[Black "Fragni, Enrico"]
[WhiteElo "1859"]
[BlackElo "1575"]
[Result "1-0"]
[PlyCount "87"]
[EventDate "2015.03.20"]

1. d4 c6 2. c4 d6 3. Nc3 Nf6 4. e4 Qc7 5. Nf3 Bg4 6. Be2 e5 7. d5 Nbd7 8. Be3
Be7 9. Nd2 Bxe2 10. Qxe2 O-O 11. h3 Kh8 12. O-O Ng8 13. b4 a5 14. a3 axb4 15.
axb4 Rfb8 16. Qh5 Rf8 17. Rxa8 Rxa8 18. Qxf7 Qd8 19. Qf3 Bg5 20. Rc1 Ra3 21.
Bxg5 Qxg5 22. Qd1 Ngf6 23. Nf3 Qh5 24. dxc6 bxc6 25. Qxd6 Qh6 26. Qd2 Qg6 27.
Qb2 Ra8 28. Qc2 Rb8 29. Rb1 Nh5 30. Ne2 Rf8 31. Qd3 Qf7 32. Rd1 Nhf6 33. Ng3 g6
34. Qe2 h6 35. b5 cxb5 36. cxb5 Qb3 37. Qd3 Qe6 38. Qd6 Qb3 39. Nxe5 Nxe5 40.
Qxf8+ Ng8 41. Qd6 Qxb5 42. Qd5 Qb2 43. Qd4 Qb8 44. f4 1-0

[Event "C.to Provinciale PR"]
[Site "Salsomaggiore Terme ITA"]
[Date "2015.03.20"]
[Round "1"]
[White "Salati, Paolo"]
[Black "Cripotos, Demetrio"]
[WhiteElo "1816"]
[BlackElo "1446"]
[Result "0-1"]
[PlyCount "120"]
[EventDate "2015.03.20"]

1. e4 e5 2. Nf3 Nc6 3. Bc4 d6 4. O-O Be7 5. Nc3 Nf6 6. h3 O-O 7. d4 exd4 8.
Nxd4 Bd7 9. Re1 h6 10. Nxc6 Bxc6 11. Nd5 Re8 12. Nxf6+ Bxf6 13. Qh5 Qd7 14. Bd5
Re5 15. Bxc6 Qxc6 16. Qe2 Rae8 17. f3 Rc5 18. c3 d5 19. Qd3 Bh4 20. Re2 dxe4
21. Rxe4 Rd5 22. Rxe8+ Qxe8 23. Qf1 Re5 24. Bf4 Re2 25. g3 Bg5 26. Bxg5 hxg5
27. Rb1 Qe5 28. Kh1 Qe3 29. a3 Rf2 30. Qd1 Rxf3 31. Qe1 Rxg3 32. Qxe3 Rxe3 33.
Kg2 f5 34. c4 c5 35. a4 a5 36. Rf1 g6 37. Rd1 Re2+ 38. Kf3 Rxb2 39. Rd5 Rb3+
40. Kg2 b6 41. Rd6 Kg7 42. Rd7+ Kf6 43. Rd6+ Kf7 44. Rd7+ Ke6 45. Rg7 Kf6 46.
Rd7 f4 47. Rd6+ Kf7 48. Rd7+ Ke6 49. Rd5 Rg3+ 50. Kh2 g4 51. Rg5 Rxh3+ 52. Kg2
Rg3+ 53. Kf2 Kf6 54. Rd5 Rb3 55. Rd6+ Kg5 56. Rd5+ Kh4 57. Rd6 g3+ 58. Kg1 g5
59. Rd2 f3 60. Rd1 Re3 0-1

[Event "C.to Provinciale PR"]
[Site "Salsomaggiore Terme ITA"]
[Date "2015.03.20"]
[Round "1"]
[White "Shubitidze, Pietro"]
[Black "Melino, Gianluca"]
[WhiteElo "1368"]
[BlackElo "1790"]
[Result "0-1"]
[PlyCount "78"]
[EventDate "2015.03.20"]

1. e4 g6 2. Nf3 Bg7 3. Bc4 d6 4. d3 Nf6 5. O-O O-O 6. Re1 Nc6 7. Bf4 Nh5 8. Bc1
Na5 9. Bd5 c6 10. Bc4 b5 11. Bb3 Qc7 12. Re2 Bg4 13. Re3 Nxb3 14. axb3 a5 15.
c3 d5 16. exd5 cxd5 17. Qe1 e6 18. Na3 Rab8 19. Nd2 e5 20. c4 b4 21. Nb5 Qb6
22. f3 Bd7 23. g4 Nf4 24. Nb1 Nxd3 25. Qd2 Nxc1 26. Qxc1 Bh6 27. Kf2 Bxe3+ 28.
Qxe3 Qxe3+ 29. Kxe3 Bxb5 30. cxb5 Rxb5 31. Nd2 Rc8 32. f4 exf4+ 33. Kxf4 Rc2
34. Nb1 Kg7 35. Ra4 Rxb2 36. Na3 bxa3 37. Rxa3 R2xb3 38. Ra4 R3b4+ 39. Rxb4
Rxb4+ 0-1

[Event "C.to Provinciale PR"]
[Site "Salsomaggiore Terme ITA"]
[Date "2015.03.21"]
[Round "2"]
[White "Brogneri, Giovanni"]
[Black "Paoli, Walter"]
[WhiteElo "1801"]
[BlackElo "2039"]
[Result "0-1"]
[PlyCount "74"]
[EventDate "2015.03.20"]

1. c4 Nf6 2. g3 e5 3. Bg2 d5 4. cxd5 Nxd5 5. Nc3 Nb6 6. Nf3 Nc6 7. d3 Be7 8.
O-O O-O 9. Be3 Be6 10. Ne4 Bd5 11. Nc3 Be6 12. Ne4 Rb8 13. Bc5 Bf5 14. Nfd2 Qd7
15. Bxe7 Qxe7 16. Rc1 Nd4 17. Nb3 Bxe4 18. Bxe4 c6 19. Nxd4 exd4 20. Qb3 Kh8
21. a4 Qe5 22. Qb4 Nd7 23. f4 Qf6 24. Qa5 a6 25. Qg5 Qd6 26. Qf5 g6 27. Qa5 f5
28. Bf3 Rfe8 29. h4 h5 30. b4 Ra8 31. Bxc6 bxc6 32. Rc2 Re3 33. Kf2 Nf6 34.
Rfc1 Ng4+ 35. Kg2 Rae8 36. Rxc6 Rxe2+ 37. Kf1 Qxc6 0-1

[Event "C.to Provinciale PR"]
[Site "Salsomaggiore Terme ITA"]
[Date "2015.03.21"]
[Round "2"]
[White "Ferrari, Andrea"]
[Black "Mingione, Luigi"]
[WhiteElo "1392"]
[BlackElo "1724"]
[Result "1-0"]
[PlyCount "53"]
[EventDate "2015.03.20"]

1. e4 e5 2. Nf3 Nc6 3. Bb5 f5 4. d3 Nf6 5. Bg5 fxe4 6. dxe4 d6 7. O-O Be7 8.
Re1 O-O 9. Bxf6 Bxf6 10. Qd5+ Kh8 11. Bxc6 bxc6 12. Qxc6 Bg4 13. Nbd2 Be7 14.
Re3 Bd7 15. Qc4 Rb8 16. Rb3 Rc8 17. Rb7 Bg4 18. Rxa7 Rf4 19. Re1 c5 20. Re3 Qf8
21. Rb3 Qf6 22. Rbb7 d5 23. Qxd5 Rd8 24. Rxe7 Rxd5 25. Re8+ Qf8 26. Rxf8+ Rxf8
27. exd5 1-0

[Event "C.to Provinciale PR"]
[Site "Salsomaggiore Terme ITA"]
[Date "2015.03.21"]
[Round "2"]
[White "Ferrari, Cristiano"]
[Black "Shubitidze, Pietro"]
[WhiteElo "1592"]
[BlackElo "1368"]
[Result "1-0"]
[PlyCount "45"]
[EventDate "2015.03.20"]

1. e4 e5 2. Bc4 Nf6 3. Nc3 Nc6 4. f4 exf4 5. Nf3 Bc5 6. d3 g5 7. Nxg5 Ng4 8.
Qxg4 Bd6 9. Qh5 Qe7 10. Nd5 Qf8 11. Nf6+ Ke7 12. Nd5+ Ke8 13. Nxf4 Rg8 14.
Qxf7+ Kd8 15. Qxg8 Qxg8 16. Bxg8 h6 17. Ngh3 Be7 18. O-O d6 19. Ne6+ Bxe6 20.
Bxe6 Nd4 21. Bb3 Kd7 22. Bxh6 Rh8 23. Bg7 1-0

[Event "C.to Provinciale PR"]
[Site "Salsomaggiore Terme ITA"]
[Date "2015.03.21"]
[Round "2"]
[White "Ferrarini, Maurizio"]
[Black "Fischetti, Luciano"]
[WhiteElo "1709"]
[BlackElo "1523"]
[Result "1-0"]
[PlyCount "75"]
[EventDate "2015.03.20"]

1. e4 e5 2. Nf3 Nc6 3. Bb5 d6 4. d4 Bd7 5. O-O a6 6. Be2 h6 7. Nc3 Nf6 8. h3
Qc8 9. Kh2 Be7 10. Be3 g5 11. d5 Nd8 12. Ng1 g4 13. f4 gxh3 14. Nxh3 Ng4+ 15.
Bxg4 Bxg4 16. Qd2 f5 17. Rf2 Nf7 18. exf5 Bxf5 19. Qe2 Bg4 20. Qc4 Qd7 21. a4
Bh4 22. Rff1 Rg8 23. Bf2 Bf6 24. Ne4 Ke7 25. Nxf6 Kxf6 26. Bh4+ Kg7 27. Nf2
Rac8 28. Qb3 Qf5 29. Nxg4 Qxg4 30. Bg3 Kh8 31. Rf3 e4 32. Re3 Rce8 33. Qc3+ Rg7
34. Rae1 Qf5 35. R1e2 Kg8 36. Kg1 Qxd5 37. Bh4 Qd1+ 38. Kh2 1-0

[Event "C.to Provinciale PR"]
[Site "Salsomaggiore Terme ITA"]
[Date "2015.03.21"]
[Round "2"]
[White "Fragni, Enrico"]
[Black "Salati, Paolo"]
[WhiteElo "1816"]
[BlackElo "1575"]
[Result "0-1"]
[PlyCount "58"]
[EventDate "2015.03.20"]

1. d4 d5 2. f3 Nf6 3. Be3 Nc6 4. Nd2 e5 5. c3 exd4 6. cxd4 Bd6 7. Bf2 O-O 8. a3
Re8 9. Nb3 Bf4 10. Qd3 Qe7 11. g3 Be3 12. Bh3 Bxf2+ 13. Kxf2 Bd7 14. Bxd7 Qxd7
15. Rc1 b6 16. g4 Re7 17. h4 Rae8 18. Rc3 Qd6 19. Qf5 g6 20. Qg5 Re4 21. Qd2
Rxg4 22. Rh3 Qe6 23. Rh2 Qd6 24. Rg2 Rxg2+ 25. Kxg2 Nh5 26. Qg5 Nf4+ 27. Kf1
Ne6 28. Qf6 Nb8 29. e3 Nd7 0-1

[Event "C.to Provinciale PR"]
[Site "Salsomaggiore Terme ITA"]
[Date "2015.03.21"]
[Round "2"]
[White "Ghirardi, Gianfranco"]
[Black "Bettini, Sofia"]
[WhiteElo "1694"]
[BlackElo "1407"]
[Result "1-0"]
[PlyCount "55"]
[EventDate "2015.03.20"]

1. e4 c6 2. d4 d5 3. Nd2 dxe4 4. Nxe4 Bf5 5. Ng3 Bg6 6. Nf3 Nd7 7. h4 h6 8. Be2
Ngf6 9. h5 Bh7 10. c4 Qc7 11. Qb3 e6 12. Bd3 Bxd3 13. Qxd3 Be7 14. Qe3 O-O 15.
Bd2 c5 16. Bc3 cxd4 17. Nxd4 Rfc8 18. b3 a6 19. O-O b5 20. Nxe6 fxe6 21. Qxe6+
Kf8 22. Rfe1 Nc5 23. Qe2 Bd6 24. Nf5 Re8 25. Qf3 Be5 26. Bxe5 Rxe5 27. Qxa8+
Kf7 28. Qf3 1-0

[Event "C.to Provinciale PR"]
[Site "Salsomaggiore Terme ITA"]
[Date "2015.03.21"]
[Round "2"]
[White "Mantovani, Celso"]
[Black "Maran, Walter"]
[WhiteElo "1035"]
[BlackElo "1687"]
[Result "0-1"]
[PlyCount "98"]
[EventDate "2015.03.20"]

1. d4 d5 2. Nf3 Nf6 3. g3 e6 4. Nbd2 Be7 5. e3 O-O 6. Bg2 b6 7. a3 Ba6 8. b4
Nbd7 9. Rb1 c5 10. b5 Bb7 11. c3 Rc8 12. Bb2 Qc7 13. Qe2 Ne4 14. Nxe4 dxe4 15.
Nd2 f5 16. Bh3 Bd5 17. c4 Ba8 18. O-O Bf6 19. Nb3 cxd4 20. Bxd4 Qxc4 21. Qxc4
Rxc4 22. Rfc1 Rfc8 23. Bxf6 Rxc1+ 24. Rxc1 Rxc1+ 25. Nxc1 Nxf6 26. Ne2 Kf7 27.
Nd4 Ke7 28. Bf1 g6 29. h3 Kd6 30. Bc4 Nd5 31. h4 e5 32. Ne2 Kc5 33. Bb3 Kxb5
34. Bxd5 Bxd5 35. Nc3+ Kc6 36. Kg2 b5 37. Kh3 h5 38. f4 exf3 39. Nd1 e4 40. Nf2
a5 41. g4 hxg4+ 42. Nxg4 fxg4+ 43. Kg3 b4 44. axb4 axb4 45. Kxg4 f2 46. Kg5
f1=Q 47. Kxg6 Qf7+ 48. Kg5 b3 49. h5 b2 0-1

[Event "C.to Provinciale PR"]
[Site "Salsomaggiore Terme ITA"]
[Date "2015.03.21"]
[Round "2"]
[White "Mantovani, Enrico"]
[Black "Pagani, Fausto"]
[WhiteElo "1820"]
[BlackElo "1586"]
[Result "1-0"]
[PlyCount "85"]
[EventDate "2015.03.20"]

1. Nf3 Nf6 2. c4 c5 3. Nc3 Nc6 4. d4 cxd4 5. Nxd4 Nxd4 6. Qxd4 e6 7. Bg5 h6 8.
Bh4 Be7 9. e4 O-O 10. e5 Ne8 11. Bxe7 Qxe7 12. O-O-O f6 13. f4 fxe5 14. Qxe5
Rf5 15. Qd4 Qf6 16. g3 Qxd4 17. Rxd4 a6 18. Bg2 Rb8 19. Rhd1 b5 20. cxb5 axb5
21. Rb4 Rc5 22. Kb1 Nc7 23. Bf1 d5 24. a4 Bd7 25. axb5 Bxb5 26. Nxb5 Nxb5 27.
Bh3 Re8 28. Rc1 Rxc1+ 29. Kxc1 Rc8+ 30. Kd2 Nd6 31. Bxe6+ Kh7 32. Bxc8 Nxc8 33.
Kd3 Ne7 34. Rb6 Kg8 35. Kd4 Kf7 36. g4 g6 37. Ke5 h5 38. h3 h4 39. f5 gxf5 40.
gxf5 Kf8 41. Kf6 Ng8+ 42. Ke6 Ne7 43. f6 1-0

[Event "C.to Provinciale PR"]
[Site "Salsomaggiore Terme ITA"]
[Date "2015.03.21"]
[Round "2"]
[White "Melino, Gianluca"]
[Black "Carletti, Angelo"]
[WhiteElo "1790"]
[BlackElo "1908"]
[Result "0-1"]
[PlyCount "72"]
[EventDate "2015.03.20"]

1. Nf3 Nf6 2. c4 g6 3. b4 Bg7 4. Bb2 O-O 5. Qb3 d6 6. g3 c5 7. b5 Nbd7 8. Bg2
Nb6 9. a4 d5 10. d3 Be6 11. Na3 a5 12. O-O h6 13. e3 Nfd7 14. Bxg7 Kxg7 15. Nd2
Nf6 16. e4 dxe4 17. Nxe4 Nxe4 18. Bxe4 Qc7 19. Qc3+ Kh7 20. Nc2 f5 21. Bg2 f4
22. Rfe1 Bf5 23. Be4 fxg3 24. hxg3 Rf7 25. Bxf5 Rxf5 26. Re6 Raf8 27. Rae1 R8f7
28. Qxa5 Rxf2 29. R1e5 Rxc2 30. Qxb6 Qxb6 31. Rxb6 h5 32. Rxb7 Rc1+ 33. Kg2
Rc2+ 34. Kh3 Rff2 35. Rbxe7+ Kh6 36. g4 Rf3+ 0-1

[Event "C.to Provinciale PR"]
[Site "Salsomaggiore Terme ITA"]
[Date "2015.03.21"]
[Round "2"]
[White "Modena, Giorgio"]
[Black "Megli, Massimo"]
[WhiteElo "1916"]
[BlackElo "1757"]
[Result "1-0"]
[PlyCount "95"]
[EventDate "2015.03.20"]

1. e4 c5 2. Nf3 e6 3. d4 cxd4 4. Nxd4 Nf6 5. Bd3 Nc6 6. Nxc6 dxc6 7. O-O Be7 8.
c4 O-O 9. Nc3 Qc7 10. Qe2 e5 11. a3 Bg4 12. f3 Bh5 13. Be3 Bg6 14. Rad1 Qa5 15.
Kh1 Nh5 16. g3 Rad8 17. Rd2 h6 18. Qf2 b6 19. Qe2 Bg5 20. f4 exf4 21. gxf4 Bf6
22. f5 Bxc3 23. bxc3 Qxc3 24. fxg6 fxg6 25. Rxf8+ Kxf8 26. a4 Nf6 27. Bc2 Re8
28. Bd4 Qh3 29. Bxf6 gxf6 30. Qg2 Qe3 31. Qf2 Qg5 32. Rd6 Qc1+ 33. Kg2 Qg5+ 34.
Qg3 Re5 35. Qxg5 Rxg5+ 36. Kf3 Rc5 37. Rxf6+ Kg7 38. e5 Rxc4 39. Rxg6+ Kf7 40.
Bb3 Kxg6 41. Bxc4 b5 42. Bd3+ Kg5 43. axb5 cxb5 44. Ke4 b4 45. Bc2 Kg6 46. Kd5+
Kf7 47. Kd6 Ke8 48. e6 1-0

[Event "C.to Provinciale PR"]
[Site "Salsomaggiore Terme ITA"]
[Date "2015.03.21"]
[Round "2"]
[White "Ollari, Luca"]
[Black "Fongarolli, Diego"]
[WhiteElo "1820"]
[BlackElo "2080"]
[Result "0-1"]
[PlyCount "94"]
[EventDate "2015.03.20"]

1. e4 c5 2. a3 Nc6 3. b4 cxb4 4. axb4 Nxb4 5. d4 Qc7 6. c3 Na6 7. Nf3 e6 8. Bd3
Be7 9. e5 f5 10. exf6 Nxf6 11. O-O O-O 12. Qc2 Nb8 13. Ng5 h6 14. Ne4 b6 15.
Na3 a6 16. Nxf6+ Rxf6 17. Nc4 Nc6 18. d5 Ne5 19. Nxe5 Qxe5 20. Bb2 Bd6 21. g3
Qh5 22. dxe6 dxe6 23. Be4 Ra7 24. Rfd1 Bc5 25. Rd8+ Rf8 26. Rxf8+ Kxf8 27. Bg6
Qg4 28. Be4 Rf7 29. Ba3 Qg5 30. Kg2 a5 31. f4 Qh5 32. Bf3 Bb7 33. Bxb7 Rxb7 34.
Qe4 Rd7 35. Bxc5+ Qxc5 36. Re1 Rd2+ 37. Re2 Rxe2+ 38. Qxe2 Kf7 39. Qb2 a4 40.
c4 a3 41. Qb3 Qa5 42. f5 a2 43. c5 Qd2+ 44. Kh3 Qd5 45. Qb2 Qxf5+ 46. g4 Qf3+
47. Kh4 g5+ 0-1

[Event "C.to Provinciale PR"]
[Site "Salsomaggiore Terme ITA"]
[Date "2015.03.21"]
[Round "2"]
[White "Orlando, Luigi"]
[Black "Cripotos, Demetrio"]
[WhiteElo "1873"]
[BlackElo "1446"]
[Result "1-0"]
[PlyCount "69"]
[EventDate "2015.03.20"]

1. Nf3 Nc6 2. g3 e5 3. d3 Nf6 4. Bg2 d5 5. Nbd2 Bc5 6. O-O O-O 7. e4 Bg4 8. h3
dxe4 9. hxg4 exf3 10. Bxf3 Rb8 11. g5 Nd7 12. Ne4 Be7 13. c3 Nc5 14. Nxc5 Bxc5
15. Kg2 Be7 16. Be4 g6 17. Qg4 f5 18. gxf6 Rxf6 19. Rh1 Bc5 20. d4 exd4 21. Bg5
dxc3 22. Bxf6 Qxf6 23. f4 cxb2 24. Rad1 Re8 25. Rhe1 Kg7 26. Rd7+ Re7 27. Rxe7+
Qxe7 28. f5 Qf6 29. Rf1 Ne5 30. Qe2 Nc6 31. fxg6 Qd4 32. gxh7 Ne5 33. h8=Q+
Kxh8 34. Qh5+ Kg7 35. Qh7# 1-0

[Event "C.to Provinciale PR"]
[Site "Salsomaggiore Terme ITA"]
[Date "2015.03.21"]
[Round "2"]
[White "Panizzi, Giuseppe"]
[Black "Bettini, Alessandro"]
[WhiteElo "2080"]
[BlackElo "1794"]
[Result "1-0"]
[PlyCount "177"]
[EventDate "2015.03.20"]

1. Nf3 d5 2. d4 Bg4 3. Ne5 Bf5 4. c4 c6 5. Nc3 Nf6 6. cxd5 Nxd5 7. f3 e6 8. e4
Nxc3 9. bxc3 Bg6 10. h4 f6 11. Nd3 Bf7 12. e5 f5 13. Qb3 Qb6 14. Be3 Qxb3 15.
axb3 Nd7 16. Nf4 Nb6 17. c4 Bb4+ 18. Kf2 O-O 19. Nd3 Be7 20. Bg5 Rfe8 21. Bxe7
Rxe7 22. Nc5 a6 23. Ke3 Rb8 24. g4 Nd7 25. Nd3 fxg4 26. fxg4 Rd8 27. c5 Nf8 28.
h5 h6 29. Nf4 Nh7 30. Bd3 Ng5 31. Nh3 Nxh3 32. Rxh3 Red7 33. Ra4 Kh8 34. Rf3
Bg8 35. Rf4 Rf7 36. Rxf7 Bxf7 37. Ra1 Kg8 38. Bc4 Kf8 39. g5 hxg5 40. Rg1 Ke7
41. Rxg5 Rh8 42. Be2 Kf8 43. Bg4 Rh6 44. Kd2 Rh7 45. Kc3 a5 46. Kb2 Ke7 47. Ka3
Kd7 48. Ka4 Kc7 49. Kxa5 Kc8 50. Bf3 Be8 51. b4 Kc7 52. Bg4 Bf7 53. Ka4 b5+ 54.
cxb6+ Kxb6 55. Kb3 Kb5 56. Be2+ Kb6 57. Kc4 Be8 58. Bf3 Bf7 59. Bg4 Bg8 60. Be2
Bf7 61. Kc3 Be8 62. Kd2 Kc7 63. Ke3 Kd7 64. Kf4 Ke7 65. Kg4 Kf8 66. Bd3 Rh6 67.
Be4 Rh8 68. Bg6 Bxg6 69. Rxg6 Kf7 70. Kg5 Rd8 71. h6 gxh6+ 72. Rxh6 Rxd4 73.
Rh7+ Kg8 74. Rb7 Rd5 75. Kf6 Rd1 76. Rb8+ Kh7 77. Kxe6 Kg7 78. Ke7 Rd4 79. e6
Rd5 80. Rb6 Rd4 81. Ke8 Rd6 82. e7 Rd4 83. Rb8 Rd1 84. b5 cxb5 85. Rxb5 Ra1 86.
Rc5 Rb1 87. Rc2 Rb8+ 88. Kd7 Rb7+ 89. Rc7 1-0